000 00819cab a2200229 4500
001 ABS43578
008 090401t1990 xxu||||| |||| 00| 0 eng d
035 _a(Sirsi) u42417
041 _aeng
100 _aEvans, D.
245 _aAlteration of rating lists from October 1990
260 _c1990
350 _a0
490 _aEstates Gazette
_v(9039) 29 September 1990, 48-51(2)
520 _aDescribes the seven grounds upon which an appeal against a rating assessment can be made after 30 September, as listed in Non-Domestic Rating (Alteration of lists and appeal) Regulations 1990 regulation 9 and the way proposals should be made.
650 _aRATING REVALUATION
650 _aUNIFORM BUSINESS RATE
690 _aRATING AND VALUATION
700 _aMcLoughlin, P.
942 _n0
948 _c04/03/1997
999 _c27191
_d27191